00350pam a2200157 a 4500020000500000041000500005082001000010100002400020245005700044260003000101300000800131653001100139700001400150930000900164999001900173 c h a915.4 aNICHOLSON LeAuthor aDELHI, AGRA, JAIPURcNICHOLSON LhTextual Documents  aHong Kongbodyssey Guides a240 aGernal eCo-Author a1043 c243657d243657